00973nam a22002297a 450000500170000001000150001702000260003203500130005803700130007110000280008424500900011226000360020227000540023830000740029249000830036650000190044970000280046883000840049694200170058099900170059795201290061420130723121320.0 aENG-107915 a9788182746688c990.00 aEN-91448 bDBAD/PUB1 aSingh, Rajendra,d1914-10aPost-war occupation forces : cedited by Bisheshwar PrasadbJapan & South-east Asia / aNew DelhibPentagon Pressc2012 a206, Peacock Lane, Shahpur JatbNew Delhie110049 axxxiv, 317p. :billus., maps (part fold., part col.) ports.c26cm(Hb)1 aOfficial history of the Indian Armed Forces in the Second World War, 1939-1945 aIncludes index1 aPrasad, Bisheshwareed. 0aOfficial history of the Indian Armed Forces in the Second World War ;v1939-45. 2ddccENmSIN c77954d77954 001040718NFICaDBADbDBADd2013-07-23eDBAD/PUBg990.00l0oSINpEN-91448r2013-07-23 00:00:00t1v990.00w2013-07-23yEN